The optical properties of solids (Record no. 3133)

MARC details
000 -LEADER
fixed length control field 00886nam a2200205Ia 4500
003 - CONTROL NUMBER IDENTIFIER
control field IN-BaIIA
008 - FIXED-LENGTH DATA ELEMENTS--GENERAL INFORMATION
fixed length control field 211028s9999 xx 000 0 eng d
040 ## - CATALOGING SOURCE
Transcribing agency IIA Library
080 ## - UNIVERSAL DECIMAL CLASSIFICATION NUMBER
Universal Decimal Classification number 063:53
Item number ENF-34
111 ## - MAIN ENTRY--MEETING NAME
Meeting name or jurisdiction name as entry element Conference of International School of Physics "Enrico Fermi"
Location of meeting Italy
Date of meeting or treaty signing 1965 June 28- July10
9 (RLIN) 5558
245 #4 - TITLE STATEMENT
Title The optical properties of solids
Remainder of title proceedings of the International School of Physics "Enrico Fermi" Verenna on Lake Como Villa Monastero 28th June-10th July 1965
Statement of responsibility, etc. edited by J. Tauc
260 ## - PUBLICATION, DISTRIBUTION, ETC.
Place of publication, distribution, etc. New York
Name of publisher, distributor, etc. Academic Press
Date of publication, distribution, etc. 1966
300 ## - PHYSICAL DESCRIPTION
Extent xi, 434p.
490 ## - SERIES STATEMENT
Series statement International School of Physics "Enrico Fermi" Course v. 34
650 ## - SUBJECT ADDED ENTRY--TOPICAL TERM
Topical term or geographic name entry element Astronomy and Astrophysics Thesaurus
650 ## - SUBJECT ADDED ENTRY--TOPICAL TERM
Topical term or geographic name entry element Socia Italian Di Fisica
9 (RLIN) 5559
700 ## - ADDED ENTRY--PERSONAL NAME
Personal name Tauc, J., ed.
9 (RLIN) 5560
710 ## - ADDED ENTRY--CORPORATE NAME
Corporate name or jurisdiction name as entry element Italian Physical Society
942 ## - ADDED ENTRY ELEMENTS (KOHA)
Koha item type Books
Holdings
Withdrawn status Lost status Damaged status Not for loan Home library Current library Shelving location Date acquired Cost, normal purchase price Total Checkouts Full call number Barcode Date last seen Cost, replacement price Price effective from Koha item type Purchase Price
        IIA Library-Bangalore IIA Library-Bangalore General Stacks 28/11/1968 158.40   063:53/ ENF-34 3484 05/11/2021 158.40 28/11/1968 Books Rs. 158.40

Powered by Koha